Quizzes
Events
Quiz Creation
Community
Videos
Private Events
Remove Ads
Sign In
Join for FREE
Feedback
Dark Mode
Quiz Categories
Sports
Geography
Music
Movies
Television
Just For Fun
Miscellaneous
History
Literature
Language
Science
Gaming
Entertainment
Religion
Holiday
For Kids
Quiz Lab
Recent
Popular Today
Quiz Kudos Today
Editor Picks
Curator Picks
Quizzes by...
Day
Popularity
Type
Ratings
Length
Year
Community
Subscriptions
Recent Discussions
Orange Saloon
Badges
Playlists
Quests
Create
Leaderboards
Showdown
Live 5
Trivia Bingo
Activity
Puzzle Library
Sporcle Events
Private Events
Virtual Trivia
Globe League
Become a Host
Pub Owners
SporcleCon
Opinionation
Our Games
Videos
Blog
Mobile Apps
Partnerships
Remove Ads and Go Orange
Feedback
Sports
Athletes
MLB
NBA
NHL
NFL
Soccer
Sports Teams
WWE
NCAA
Football
Premier League
Basketball
Baseball
Hockey
Golf
Tennis
Cricket
Rugby
Auto Racing
Olympics
World Cup
Sports
Athletes
MLB
NBA
NHL
NFL
Soccer
Sports Teams
WWE
NCAA
Football
Premier League
Basketball
Baseball
Hockey
Golf
Tennis
Cricket
Rugby
Auto Racing
Olympics
World Cup
Random Quiz
Search Sporcle
×
Quiz Lab
Quiz Lab
Sports
Scorer
Type in answers that appear in a list
Type in answers that appear in a list
Classic
Best Score? Go Orange.
Hurling Top Scorers Stats
Can you name the Hurling All-Time Top Scorers?
By
kevindalyh
6m
20 Questions
3,376 Plays
3,376 Plays
3,376 Plays
Comments
Comments
Give Quiz Kudos
Give Quiz Kudos
-
- Ratings
hide this ad
Replay
Link that replays current quiz
Next Quiz
Link to next quiz in quiz playlist
You Got
0%
They Got
Avg Score
45%
Avg Friend Score
Upgrade to see
Score Distribution
Jump to the score distribution portion of the page
Score
0/20
Timer
06:00
0
Plays Today
Score
Answer
% Correct
27-
484 (565)
Henry Shefflin
95%
34-
195 (297)
DJ Carey
85%
25-
296 (371)
Joe Canning
78.6%
21-
368 (431)
Eoin Kelly
77.2%
14-
187 (229)
Eoin Kelly
77.2%
10-
229 (259)
Joe Deane
61.6%
33-
208 (307)
Christy Ring
60.5%
8-
224 (248)
Ben O'Connor
52.9%
24-
158 (230)
Seamus Callanan
49%
12-
250 (286)
Patrick Horgan
46%
Score
Answer
% Correct
24-
181 (253)
Paul Flynn
40.1%
15-
175 (220)
Shane Dooley
37.2%
35-
336 (441)
Eddie Keher
34.1%
4-
199 (211)
Johnny Dooley
34%
59-
96 (273)
Nicky Rackard
24.2%
23-
198 (267)
Niall Gilligan
20.2%
18-
176 (230)
Jimmy Doyle
17.2%
28-
153 (237)
Charlie McCarthy
11.1%
5-
192 (207)
Brian Carroll
6%
8-
191 (215)
James Young
5.5%
Quiz Playlist
Details
Report
Send in Message
Add To Playlist
Classic:
Type in answers that appear in a list
Last Updated: May 17, 2017
Quiz Scoreboard
CHALLENGE
Sign Up to Join the Scoreboard
Show All
Scores
Hide
Comments
May contain spoilers
Recently Published
College Basketball Coaching Resumes
by pancakes188
Sports
9m
Billboard Blitz: Fleetwood Mac
by CooCooCachoo
Music
15s
Presidents Visiting Landmarks
by Hejman
History
7m
More to Explore
Quiz From the Vault
Featured Blog Post
Where Did the Easter Bunny Come From?
hide this ad
You Might Also Like...
Tags
Hurling
score
Scorer
Top Scorers
Today's Top Quizzes in Sports
Browse Sports
hide this ad
Today's Top Quizzes in Scorer
Browse Scorer
Top Contributed Quizzes in Sports
1
2022 World Cup Stars
2
Les meilleurs buteurs des matchs entre le PSG et l’OM
3
FIFA Club World Cup Champions
4
Les entraîneurs de l'OM et du PSG au 21e siècle
5
Criteria MLB: Left Handed Sluggers
6
AFC Teams Reveal (Wrong Answers Minefield)
7
5-to-1: UK Sports Teams
8
5-to-1: FBS Animal Nicknames
9
2023 MLB Unique Player Accomplishments
10
Name the Premier League winners with different clubs
Explore More
Trending Topics
Disney
Kpop
Marvel
NBA
Harry Potter
Crossword
Anime
Pokémon
The Office
Puzzle
NFL
Soccer
Song
WWE
Country
hide this ad
More By:
kevindalyh
Quiz
Plays
Rating
Category
Featured
Created
GAA Player Nicknames
4,661
3.00
Sports
May 8, 2017
All Ireland Hurling Goalscorers
3,653
5.00
Sports
May 24, 2017
Hurling Top Scorers
3,376
5.00
Sports
May 17, 2017
All-Ireland Hurling Appearances
1,817
Sports
Jun 1, 2017
Munster Championship Goalscorers
1,399
Sports
Jun 7, 2017
Go to Creator's Profile
Score Distribution
Quiz Creator Spotlight
kevindalyh
Follow
Send a Message
Quizzes Created
-
Created Quiz Play Count
-
More By This Creator
Popular Quizzes Today
1
Find the US States - No Outlines Minefield
2
Find the Countries of Europe - No Outlines Minefield
3
The Countries of the World
4
Find the US States
5
Risky Map Clicking: Biggest States A-Z
6
US States
7
Popular People in 1961
8
Movies - When Are They Set?
More Sports Quizzes
Australia Cricket Squad in every World Cup
Quiz Lab
Trending Quizzes
Risky Map Clicking: Least Populous States A-Z
1-10 Letter G Words
1-10 Letter F Words
Risky Map Clicking: Next State Alphabetically
Risky Map Clicking: Biggest States A-Z
Recently Updated
Leaping Animals
pecheneg
Reality TV Shows (A-Z)
bhenderson79
Rickey Henderson's Hall of Fame Teammates
pecheneg
Champions League XIs: Arsenal
pecheneg
Quick Pick: Celebrities in WWE's Hall of Fame
aduchscher
A-Z Keypad Blitz II
pecheneg
Multiple Oscar Actors
pecheneg
Mystery Phrase Blitz: Oscar 'Best Actors'
pecheneg
F. Scott Fitzgerald Novels
LTH
Pick 3 Villains
ddd62291
Trending Topics
NBA
Crossword
Disney
Harry Potter
Kpop
Marvel
Anime
Country
Pokémon
The Office
WWE
Song
NFL
Soccer
Puzzle
Your Account Isn't Verified!
In order to create a playlist on Sporcle, you need to verify the email address you used during registration. Go to your
Sporcle Settings
to finish the process.
Report this User
Report this user for behavior that violates our
Community Guidelines
.
Details:
Send Report
Go to the Sporcle.com Mobile Site →
Comments